Score 0/16 Timer 03:00
1 Play Today
Hint Answer % Correct
_____ of ThronesGame
97.7%
Boardwalk ____Empire
88.2%
_____ of the ConchordsFlight
76%
Real ____ with Bill MaherTime
71.7%
From the ____ to the MoonEarth
57.3%
The _____ Sanders ShowLarry
56.7%
The Chris ____ ShowRock
56.5%
____ the NFLInside
44.8%
Hint Answer % Correct
Mildred _____Pierce
43.4%
Hard _____Knocks
36.8%
_____ to DeathBored
33.8%
_____ AdamsJohn
27.4%
Mr. _____ with Bob and DaveShow
26.6%
Generation ____Kill
16.8%
____ TreeFamily
11%
______ After DarkBoxing
5.9%

Today's Daily Dose

Missing Word
'T' Pairs

Word Ladder
Game Pieces

Get the Picture
Baseball Movies

Remove Ads.
Support Sporcle.
Get the best of Sporcle when you Go Orange. This ad-free experience offers more features, more stats, and more fun while also helping to support Sporcle. Thank you for becoming a member.

You're not logged in!

Compare scores with friends on all Sporcle quizzes.
OR
Log In

Show Comments

Extras

Top Quizzes Today


Score Distribution

Your Account Isn't Verified!

In order to create a playlist on Sporcle, you need to verify the email address you used during registration. Go to your Sporcle Settings to finish the process.

Report this User

Report this user for behavior that violates our Community Guidelines.

Details: